Statistics for Summer Olympics - Fencing

Click here to take the quiz!

General Stats

  • This quiz has been taken 107 times
  • The average score is 23 of 34

Answer Stats

# of MedalsTeam/Country% Correct
118France
95%
225Italy
95%
87Hungary
94%
25United States
94%
26Russia
89%
11South Korea
89%
14China
87%
25Germany
87%
2Japan
83%
15Romania
80%
22Poland
79%
49Soviet Union
76%
5Ukraine
76%
1Spain
75%
7Sweden
74%
10Belgium
69%
1Norway
69%
7Switzerland
68%
7Austria
67%
6Denmark
67%
4Greece
65%
5Netherlands
63%
1Portugal
62%
1Mexico
55%
17Cuba
54%
1East Germany
54%
9Great Britain
52%
16West Germany
51%
1Argentina
50%
1Egypt
49%
1Venezuela
44%
1Tunisia
37%
5Unified Team
20%
2Bohemia
8%

Score Distribution

Percentile by Number Answered

Percent of People with Each Score

Your Score History

You have not taken this quiz